000 00297nam a2200109Ia 4500
008 200302s9999 xx 000 0 und d
100 _aSylvain Perret & Other
245 _aWater Governance for Sustainable Development
260 _bEarthScan Publications Ltd.
260 _c2007
300 _a295 P.,
999 _c5720
_d5720